España : (Record no. 24061)
[ view plain ]
| 000 -LEADER | |
|---|---|
| fixed length control field | 01904cam a2200325 a 4500 |
| 001 - CONTROL NUMBER | |
| control field | 15590171 |
| 003 - CONTROL NUMBER IDENTIFIER | |
| control field | OSt |
| 005 - DATE AND TIME OF LATEST TRANSACTION | |
| control field | 20211224152935.0 |
| 008 - FIXED-LENGTH DATA ELEMENTS--GENERAL INFORMATION | |
| fixed length control field | 090116s2010 nju b 001 0 spa |
| 010 ## - LIBRARY OF CONGRESS CONTROL NUMBER | |
| LC control number | 2009001783 |
| 020 ## - INTERNATIONAL STANDARD BOOK NUMBER | |
| International Standard Book Number | 9780205647033 (alk. paper) |
| 020 ## - INTERNATIONAL STANDARD BOOK NUMBER | |
| International Standard Book Number | 0205647030 (alk. paper) |
| 035 ## - SYSTEM CONTROL NUMBER | |
| System control number | (OCoLC)ocn227015789 |
| 040 ## - CATALOGING SOURCE | |
| Original cataloging agency | DLC |
| Transcribing agency | HU |
| Modifying agency | BTCTA |
| -- | BAKER |
| -- | KGG |
| -- | YBM |
| -- | DLC |
| 043 ## - GEOGRAPHIC AREA CODE | |
| Geographic area code | e-sp--- |
| 050 00 - LIBRARY OF CONGRESS CALL NUMBER | |
| Classification number | DP48 |
| Item number | .M92 2010 |
| 082 00 - DEWEY DECIMAL CLASSIFICATION NUMBER | |
| Classification number | 946 |
| Edition number | 22 |
| 100 1# - MAIN ENTRY--PERSONAL NAME | |
| Personal name | Muñoz, Pedro. |
| 9 (RLIN) | 25029 |
| 245 10 - TITLE STATEMENT | |
| Title | España : |
| Remainder of title | ayer y hoy / |
| Statement of responsibility, etc. | Pedro M. Muñoz, Marcelino C. Marcos |
| 250 ## - EDITION STATEMENT | |
| Edition statement | 2. ed. |
| 260 ## - PUBLICATION, DISTRIBUTION, ETC. | |
| Place of publication, distribution, etc. | Upper Saddle River, N.J. : |
| Name of publisher, distributor, etc. | Pearson Prentice Hall, |
| Date of publication, distribution, etc. | 2010. |
| 300 ## - PHYSICAL DESCRIPTION | |
| Extent | vi, 378 p. : |
| Other physical details | ill., maps ; |
| Dimensions | 24 cm. |
| 504 ## - BIBLIOGRAPHY, ETC. NOTE | |
| Bibliography, etc. note | Includes bibliographical references and index. |
| 505 0# - FORMATTED CONTENTS NOTE | |
| Formatted contents note | El medio físico -- De lberia a Hispania -- La Edad Media -- La unidad de los reinos cristianos y la creación del imperio -- Esplendor y decadencia del Imperio Español: el Siglo de Oro -- El siglo XVIII: la formación de las dos Españas -- El siglo XIX -- De 1900 a 2008: El fin de las dos Españas y la consolidación de la democracia -- La vida cultural e intelectual: las artes, las letras y el cine (1900-2007) -- La estructura del Estado y la vida política. La economía -- Las regiones con nacionalismo propio -- Las lenguas de España -- La población y el hábitat: la ciudad como forma de vida -- La familia, la mujer y los jóvenes -- Viejas y nuevas minorías: Los gitanos y los immigrantes -- El ocio, la cultura popular y los medios de comunicación. |
| 651 #0 - SUBJECT ADDED ENTRY--GEOGRAPHIC NAME | |
| Geographic name | Spain |
| General subdivision | Civilization. |
| 9 (RLIN) | 25030 |
| 700 1# - ADDED ENTRY--PERSONAL NAME | |
| Personal name | Marcos, Marcelino. |
| 9 (RLIN) | 25031 |
| 906 ## - LOCAL DATA ELEMENT F, LDF (RLIN) | |
| a | 7 |
| b | cbc |
| c | orignew |
| d | 1 |
| e | ecip |
| f | 20 |
| g | y-gencatlg |
| 942 ## - ADDED ENTRY ELEMENTS (KOHA) | |
| Source of classification or shelving scheme | Dewey Decimal Classification |
| Koha item type | Books like text book referance book |
| Suppress in OPAC | No |
| Withdrawn status | Lost status | Source of classification or shelving scheme | Damaged status | Not for loan | Home library | Current library | Shelving location | Date acquired | Total Checkouts | Full call number | Barcode | Date last seen | Copy number | Price effective from | Koha item type |
|---|---|---|---|---|---|---|---|---|---|---|---|---|---|---|---|
| Dewey Decimal Classification | Social Library | Social Library | General Stacks | 12/24/2021 | 946/MUN | SHLIB 00012436 | 12/24/2021 | 1 | 12/24/2021 | Books like text book referance book |